| 000 | 00444cam a2200181ua 4500 | ||
|---|---|---|---|
| 020 |
_a81 7635 060 5 _c300.00 |
||
| 041 |
_aeng _h |
||
| 082 |
_a004.62 _bSIY/IN |
||
| 100 | _aSiyan, Karunjit S . | ||
| 245 |
_aInside TCP/IP / _cKarunjit S Siyan. _hTextual Documents |
||
| 250 |
_a3 / _b. |
||
| 260 |
_aNewdelhi : _bTechmedia , _c1988. |
||
| 300 | _a774 ; . | ||
| 365 | _a300.00 | ||
| 504 | _a | ||
| 942 | _cBK | ||
| 999 |
_c2592 _d2592 |
||